000 00297nam a2200097Ia 4500
008 220204s9999 xx 000 0 und d
082 _a65(06)
_bCON
245 0 _aConference leadership: A manual to assist in the development of conference leaders
260 _aBombay
_bTaraporevala
_c1977
942 _cBK
999 _c30366
_d30366